Bargaining for Development

Detalles Bibliográficos
Autor principal: Callies, David L.
Otros Autores: Curtin Jr., Daniel J., Tappendorf, Julie A.
Formato: eBook
Lenguaje:inglés
Publicado: Washington DC: Environmental Law Institute, 2003
Materias:
Acceso en línea:Acceso restringido

MARC

LEADER 00000nam a22000007a 4500
005 20220915015719.0
007 cr|||| ||||
008 220915s2003 us |||||s|||| 00||0 eng d
020 |a 1-58576-061-7 
035 |a 36359 
040 |a vLex 
090 |c 13909  |d 13909 
100 1 |a Callies, David L. 
245 1 0 |a Bargaining for Development  |h [Recurso electrn̤ico] /  |c David L. Callies, Daniel J. Curtin Jr., Julie A. Tappendorf 
256 |a Servicio en ln̕ea 
260 |a Washington DC:  |b Environmental Law Institute,  |c 2003 
300 |a 1 recurso electrn̤ico 
500 |a A Handbook on Development Agreements, Annexation Agreements, Land Development Conditions, Vested Rights, and the Provision of Public Facilities. Bargaining for Development is a one-of-a-kind handbook that explores the policy and planning principles behind land development conditions, vested rights, and development/annexation agreements, and provides guidance for the practicing professional, government, and land development communities in evaluating the need for, and the drafting of, land development statutes, ordinances, and agreements. The handbook's basic premises are two-fold. First, land development and annexation agreements offer an excellent vehicle for government and landowners to provide in detail for land developments. Second, because of the law pertaining to vested rights and land development conditions, the development community needs more assurances concerning the continued viability of their projects and the government community requires more in the way of public facilities than the common law grants to either. Vested rights to proceed with a development, including the multi-stage variety, are not easy to come by under the applicable legal principles. Public facilities not closely tied to a land development project through nexus and proportionality are similarly difficult to legally enforce. A development agreement provides for both. 
506 1 |a Disponible solo en los productos indicados  |d vLex Global  |d vLex Global (Academic Edition, excluding Law Schools)  |d vLex Global (Academic Edition, Law Schools) 
650 0 4 |a Derecho Comunitario  |z Estados Unidos 
700 1 |a Curtin Jr., Daniel J. 
700 1 |a Tappendorf, Julie A. 
740 0 |a vLex Libros (Servicio en ln̕ea) 
856 4 0 |u https://app.vlex.com/#/sources/36359  |z Acceso restringido 
942 |c BOOK 
999 0 |a Community Law